Le triomphe romain et son utilisation politique: à Rome aux trois derniers siècles de la république
Guardat en:
| Autor principal: | |
|---|---|
| Format: | Llibre |
| Idioma: | francès |
| Publicat: |
Roma
Ecole Française de Rome
2007
|
| Col·lecció: | Collection de Lïécole Français de Rome, 392
|
| Matèries: | |
| Etiquetes: |
Afegir etiqueta
Sense etiquetes, Sigues el primer a etiquetar aquest registre!
|
MARC
| LEADER | 00000nam a2200000 a 4500 | ||
|---|---|---|---|
| 001 | UCG6784 | ||
| 003 | CL-VaPUC | ||
| 008 | 110520e20070000IT |||||||||||||||||fre|d | ||
| 020 | |a 9782728307838 | ||
| 082 | 0 | 4 | |a 937.01 |b BAS |2 21 |
| 100 | 0 | |a Bastien, Jean-Luc |e author |9 557154 | |
| 245 | 1 | 3 | |a Le triomphe romain et son utilisation politique: à Rome aux trois derniers siècles de la république |
| 300 | |a 482 p | ||
| 942 | |c BK | ||
| 945 | |d 20110520 00:00:00 |a jcampos | ||
| 260 | |a Roma |b Ecole Française de Rome |c 2007 | ||
| 650 | 0 | |a Imperio Romano |9 322785 | |
| 650 | 7 | |a TRIUNFOS MILITARES |2 CL-VaPUC |9 557155 | |
| 650 | 7 | |a CEREMONIAS MILITARES |2 CL-VaPUC |9 557156 | |
| 650 | 7 | |a POLITICA ROMANA |2 CL-VaPUC |9 523263 | |
| 650 | 7 | |a EXPANSIONISMO |2 CL-VaPUC |9 452749 | |
| 651 | 0 | |a Roma |9 255106 | |
| 583 | |a last modification |c 20110520 00:00:00 |k Rodrigo Vera | ||
| 490 | 0 | |a Collection de Lïécole Français de Rome, 392 | |
| 999 | |c 344917 |d 344915 | ||
| 952 | |0 0 |1 0 |4 0 |6 937_010000000000000_BAS_2007 |7 0 |8 A |9 443273 |a BIBHIS |b BIBHIS |d 2019-11-22 |i 4778839 |o 937.01 BAS 2007 |p 4778839 |r 2025-01-20 |w 2019-11-22 |y BK |k HIS | ||